000 00669nam a22001817a 4500
003 OSt
005 20240610160128.0
008 240610b ||||| |||| 00| 0 eng d
040 _cAIMIT LIBRARY
100 _aM, Ajith.
_e2116007
_9169931
245 _aRelationship between working capital management and profitability :
_ba study on selected plastic companies in India /
_cBy Ajith M ; Guided by Rowena Wright.
260 _aMangalore
_c2023
650 _aIndustry profile
_9169932
650 _aConceptual framework
_9169933
700 _aWright, Rowena.
_eGuide.
_9169934
856 _3Kalyani Ram Polyplast Private Limited.
_ywww.kalyaniware.com
942 _2ddc
_cPRO
999 _c231107
_d231107